|
|
|
|
| LEADER |
00000ny a22000003n 4500 |
| 005 |
20110607103514.0 |
| 008 |
010213t2000 sp 000 0 spa c |
| 017 |
|
|
|a M34304-2000
|
| 020 |
|
|
|a 8471309807
|
| 035 |
|
|
|a 1595
|
| 040 |
|
|
|a UMA.DER
|d vLex
|
| 040 |
|
|
|a UMA.RE
|d vLex
|
| 080 |
|
|
|a 347.728.2(460)(0.034)
|
| 090 |
|
|
|c 512
|d 512
|
| 100 |
1 |
|
|a Flores Doą, Mara̕ de la Sierra
|
| 245 |
1 |
0 |
|a Adquisicin̤ de acciones financiada por la sociedad
|h [Recurso electrn̤ico]
|c Mara̕ de la Sierra Flores Doą
|
| 256 |
|
|
|a Servicio en ln̕ea
|
| 260 |
|
|
|a Madrid :
|b EDERSA,
|c D.L. 2000
|
| 300 |
|
|
|a 478 p. ;
|c 20 cm
|
| 490 |
1 |
|
|a Cuadernos mercantiles ;
|v 5
|
| 504 |
|
|
|a Bibliografa̕: p. 453-478
|
| 506 |
1 |
|
|a Contenido solo disponible en los productos indicados
|d vLex Global
|d vLex Global (Academic Edition, excluding Law Schools)
|d vLex Global (U.S. Academic Edition, Law Schools)
|d vLex Global (U.S. Academic Edition, excluding Law Schools)
|d vLex Global (Academic Edition, Law Schools)
|
| 650 |
0 |
7 |
|a Societario
|2 Tesauro vLex
|
| 650 |
0 |
7 |
|a Sociedades
|2 Tesauro vLex
|
| 650 |
0 |
7 |
|a Accin̤ societaria
|2 Tesauro vLex
|
| 650 |
0 |
7 |
|a Derecho de sociedades
|2 Tesauro vLex
|
| 650 |
0 |
7 |
|a Acciones
|2 Tesauro vLex
|
| 650 |
0 |
7 |
|a Sociedades mercantiles
|2 Tesauro vLex
|
| 740 |
0 |
|
|a vLex Libros (Servicios en ln̕ea)
|
| 830 |
|
0 |
|a Cuadernos mercantiles (Editoriales de Derecho Reunidas)
|
| 856 |
4 |
0 |
|u http://vlex.com/source/1595
|z Acceso restringido
|
| 942 |
|
|
|c BOOK
|
| 999 |
0 |
|
|a Corporation law
|b Madrid
|